000 00406nam a2200157Ia 4500
008 160316s2004 xxu||||| |||| 00| 0 eng d
082 _a780.000000
_bPAR
100 _aParker Nigel
245 _aMusic business : Infrastructure, Practice and law
250 _a
260 _aLondon
_bSweet & Maxwell
_c2004
300 _a395p
_b
_c
365 _bRs.7,951
650 _a1. Music Trade - U K
700 _a
_a
999 _c23283
_d23283